000 20001nas1a22012011i 4500
001 RU\NLR\INFOCOMM7\5000020080
005 20240723105305.0
035 _a(NLR Aleph) 002377858
090 _a4592235
_c4592235
100 _a20041208c1981 |||y0rusy50 ca
101 0 _arus
102 _aRU
110 _aayuzz 0|y|
200 1 _aСтроительство предприятий угольной промышленности
_eОбзор
_fЦНИИ экономики и НТИ угол. пром-сти (ЦНИЭИуголь), ЦБНТИ М-ва угол. пром-сти УССР (ЦБНТИ Минуглепрома УССР)
210 _aМ.
_d1981-
300 _aВ надзаг. также: М-во угол. пром-сти СССР
430 0 _12001#$aЗарубежная угольная промышленность$iСерия "Строительство предприятий угольной промышленности"
_tЗарубежная угольная промышленность
430 0 _12001#$aОбзор$iСерия "Строительство предприятий угольной промышленности"
_tОбзор
801 1 _aRU
_bInfoComm
_c20041214
801 0 _aRU
_bNLR
_gPSBO
852 _aNLR
_jП10/5853
942 _cJOURNAL
980 _aRUSPER